000 00760nam a2200277Ia 4500
003 OSt
005 20220925231833.0
006 a|||||r|||| 00| 0
007 ta
008 220923b |||||||| |||| 00| 0 eng d
020 _a067346332X
037 _cGeneral Book
040 _aRTL
_cRTL
_beng
041 _2eng
_aeng
082 _aX:(Z), N7/TD
100 _aUlen Thomas
_9243393
245 0 _aLaw and economics
250 _aEd 2
260 _aMassachusetts
_bAddison-Wesley
_c1997
300 _ax, 481p
_ccm.
490 _aAddison-Wesley Series in Economics
650 _aEconomics irt Law
700 _a Cooter Robert
_9149932
942 _hX:(Z), N7/TD
_cGB
_2CC
999 _c589584
_d589584